Geografia - prawda czy fałsz? #2 - Statystyki

Ogólne statystyki
  • Ten quiz został rozwiązany 8 716 razy
  • Średni wynik to 12 z 16
Statystyki odpowiedzi
Zagadnienie Odpowiedź % Poprawnych
Paryż leży na wybrzeżu Fałsz
96%
Każde państwo na świecie posiada prostokątną flagę Fałsz
94%
Sydney jest stolicą Australii Fałsz
91%
Spośród dwudziestu najbiedniejszych państw świata większość znajduje się w Afryce Prawda
89%
Walutą Hiszpanii jest peso Fałsz
86%
Ponad 2/3 mieszkańców Holandii potrafi rozmawiać po angielsku Prawda
82%
Hindi jest najczęściej używanym językiem w Indiach Prawda
81%
Belgia graniczy dokładnie z dwoma innymi państwami Fałsz
79%
El Paso leży na granicy USA z Meksykiem Prawda
79%
Francja pozyskuje większość energii elektrycznej z energetyki jądrowej Prawda
78%
Japonia ma wysoką stopę bezrobocia w porównaniu do innych państw Fałsz
77%
Południk zerowy przechodzi przez Londyn Prawda
75%
Stany Zjednoczone emitują więcej dwutlenku węgla niż jakikolwiek inne państwo Fałsz
67%
Turcja jest państwem o ponadprzeciętnej różnorodności religijnej Fałsz
55%
Siedziba Organizacji Narodów Zjednoczonych znajduje się w Nowym Jorku Prawda
50%
Floryda to najbardziej wysunięty na południe stan w USA. Fałsz
42%
Nie znaleziono quizów pasujących do podanych kryteriów
Rozkład punktacji
Procent ludzi z każdym wynikiem
Percentyl według liczby udzielonych odpowiedzi
Twoja historia wyników
Nie rozwiązałeś tego quizu